USA City Nicknames - Statistics

General Stats
  • This quiz has been taken 57 times
  • The average score is 13 of 30
Answer Stats
Hint Answer % Correct
Alamo City San Antonio
84%
Motor City Detroit
78%
Sin City Las Vegas
78%
The Mile High City Denver
73%
The Windy City Chicago
71%
The Big Peach Atlanta
67%
Big D Dallas
65%
The Gateway City St Louis
65%
OKC Oklahoma City
63%
The Racing Capital of the World Indianapolis
61%
The Big Easy New Orleans
57%
Space City Houston
55%
Brew City Milwaukee
55%
Beantown Boston
53%
The Biggest Little City in the World Reno
49%
Crabtown Baltimore
47%
The City that Never Sleeps NYC
47%
Tinseltown Hollywood
41%
Vice City Miami
33%
Capital of the World NYC
27%
The Big Orange Los Angeles
20%
"Cigar City" Tampa
16%
Buckle of the Bible Belt Nashville
14%
Jet City Seattle
14%
Duke City Albuquerque
8%
Valley of the Sun Pheonix
8%
The City of Brotherly Love Phillidelphia
4%
Scenic City Chattanooga
2%
Venice of America Fort Laurderdale
2%
The City by the Bay San Franicisco
2%
No matching quizzes found
Score Distribution
Percent of People with Each Score
Percentile by Number Answered
Your Score History
You have not taken this quiz